Joint Research Centre Annual Report 2021
Enregistré dans:
| Collectivité auteur: | |
|---|---|
| Format: | Livre |
| Langue: | anglais |
| Publié: |
Luxembourg
Publications Office of the European Union
2022
|
| Sujets: | |
| Tags: |
Pas de tags, Soyez le premier à ajouter un tag!
|
MARC
| LEADER | 00000nam a2200000 4500 | ||
|---|---|---|---|
| 001 | 0288350 | ||
| 005 | 20240306142001.1 | ||
| 020 | |a 978-92-76-51231-8 | ||
| 020 | |a 978-92-76-55198-0 | ||
| 020 | |a 978-92-76-51232-5 | ||
| 020 | |a 978-92-76-55199-7 | ||
| 041 | 0 | |a eng | |
| 044 | |a LU | ||
| 245 | 1 | 0 | |a Joint Research Centre |b Annual Report 2021 |
| 264 | 1 | |a Luxembourg |b Publications Office of the European Union |c 2022 | |
| 300 | |a 47 s. | ||
| 610 | 2 | 0 | |a spolupráca hospodárska medzinárodná |
| 610 | 2 | 0 | |a koronakríza |
| 610 | 2 | 0 | |a politika medzinárodná |
| 610 | 2 | 0 | |a politika environmentálna |
| 610 | 2 | 0 | |a digitalizácia |
| 610 | 2 | 0 | |a politika hospodárska |
| 610 | 2 | 0 | |a úroveň životná |
| 610 | 2 | 0 | |a demokracia |
| 710 | 2 | |a European Commission. Joint Research Centre | |